000 00874nam a2200253Ia 4500
003 OSt
005 20221005092915.0
006 a|||||r|||| 00| 0
007 ta
008 221004b |||||||| |||| 00| 0 eng d
020 _a9780815633433 (hbk)
_c2678.65
024 _a23602
037 _b23587, 01/12/2015, Overseas Press (India) Pvt Ltd.
_cTextual
040 _aCRL
_cCRL
_beng
041 _2eng
_aeng
082 _aW60aY.467, Q3
100 _aSegall Kimberly Wedeven
_9617911
245 0 _aPerforming democracy in Iraq and South Africa
_b Gender, media, and resistance
260 _aNew York
_bSyracuse University Press U.S.A
_c2013
300 _axxviii, 290p.
_ccm.
650 _aPOLITICAL SCIENCE
942 _hW60aY.467, Q3
_cTEXL
_2cc
999 _c999555
_d999555